FOGYASZTÓI-, ILLETVE VÁSÁRLÓI MAGATARTÁS VIZSGÁLATA FELTÁRÓ FÓKUSZCSOPORTOS KUTATÁS A FIATAL EGYETEMISTÁK KÖRÉBEN

Bibliographic Details
Main Authors: Máté Zoltán
Oravecz Titanilla
Pólya Éva
Format: Article
Published: Budapesti Gazdasági Egyetem 2023
Series:Multidiszciplináris Kihívások, Sokszínű Válaszok 2023 No. 1
Subjects:
mtmt:https://doi.org/10.33565/MKSV.2023.01.04
Kulcsszavak:Válság
Változás
Fogyasztói magatartás
Vásárlói magatartás
Online Access:http://publikaciotar.uni-bge.hu/2524

MARC

LEADER 00000nab a2200000 i 4500
001 publ2524
005 20260306113129.0
008 260306s2023 hu o 000 zxx d
022 |a 2630-886X 
024 |a https://doi.org/10.33565/MKSV.2023.01.04  |2 doi 
040 |a BGE Publikációtár Repozitórium  |b hun 
100 1 |a Máté Zoltán 
245 1 0 |a FOGYASZTÓI-, ILLETVE VÁSÁRLÓI MAGATARTÁS VIZSGÁLATA  |b FELTÁRÓ FÓKUSZCSOPORTOS KUTATÁS A FIATAL EGYETEMISTÁK KÖRÉBEN  |c Máté Zoltán  |h [elektronikus dokumentum] 
260 |a Budapesti Gazdasági Egyetem  |c 2023 
300 |a 93-117 
490 0 |a Multidiszciplináris Kihívások, Sokszínű Válaszok  |v 2023 No. 1 
520 3 |a A cikk célja, hogy megvizsgáljuk a fiatal felnőtt, egyetemista hallgatók körében, hogy miképpen érzékelik a körülöttük zajló változásokat, illetve azoknak milyen gazdasági hatásaival szembesülnek. Érzékelik-e és milyen mértékben a különböző okok miatt kialakult válsághelyzetet, valamint, hogy hozott, hoz-e változást ezek megléte. Jelen tanulmány, egy nagyobb kutatás része. Az átfogó kutatás vizsgálja a válság hatásait, annak megélését, valamint a körülményekhez való alkalmazkodás, a változás lehetséges útjait. Ebben a munkában a kutatásunk feltáró, kvalitatívszakaszának egy részeredményét ismertetjük: az egyetemisták körében végzett fókuszcsoportos vizsgálatfőbb megállapításai kerülnek publikálásra. Kutatásunk eredményeként megállapítottuk, hogy a világjárvány kihívást jelentett e korosztály számára is, de ebben az időszakban a résztvevők jelentős része a tanulmányaival (érettségi) volt elfoglalva, valamint gazdasági szempontból, élvezte a szülői védőernyőt. Nehezen emlékeznek vissza erre az időszakra és nem szívesen emlékeznek rá. Az esetleges életszínvonal romlásukat nem a gazdasági hatásokra, inkább az egyéb korlátozó intézkedésekre fogják. Az utóbbi egy év makrokörnyezeti változásait (háború, energia árak, infláció stb.) érzik ugyan, de nagyon differenciált annak az életnívóban való megjelenése. Vannak, akik napi fogyasztására egyáltalán nincs hatással a környezeti változás, azonban olyan vizsgálati alanyok is akadnak, akiknél jelentős változásokat hoztak a már említett események. Ebben a csoportban egyrészt a vásárlási szokások megváltozása figyelhető meg. Csökkent a megvásárolt termékek mennyisége, valamint további változás, hogy nőtt az alacsonyabb árú, minőségű termékek felé való fordulás. Mindezek mellett igyekeztek a hallgatók növelni bevételeiket is, ami azonban nem kompenzálta az áremelkedéseket. A jövőbe kicsit pesszimistán néznek, de nem számítanak gyökeres változásokra a saját életükben, fogyasztásukban. A kutatási eredmények segíthetnek annak megértésében, hogy a jelenleg zajló gazdasági folyamatok milyen módon hatnak a fiatal életkezdők fogyasztói és vásárlói döntéseire, ily módon feltárva az esetükben alkalmazható lehetséges meggyőzési, befolyásolási stratégiák fókuszpontjait. 
650 4 |a közgazdaságtudományok 
695 |a Válság 
695 |a Változás 
695 |a Fogyasztói magatartás 
695 |a Vásárlói magatartás 
700 1 |a Oravecz Titanilla  |e aut 
700 1 |a Pólya Éva  |e aut 
856 4 0 |u https://publikaciotar.uni-bge.hu/id/eprint/2524/1/11357-Cikk%20sz%C3%B6veg-54025-1-10-20231002.pdf  |z Dokumentum-elérés